| 000 | 00558nam a2200181 a 4500 | ||
|---|---|---|---|
| 001 | BRCA_7178 | ||
| 005 | 20190320205736.0 | ||
| 008 | 130112s1931----gw-ab#####---#000-0#ger-# | ||
| 100 | 1 |
_aEdschmid, Kasimir _d1890-1966. _917797 |
|
| 245 | 1 | 0 |
_aGlanz und elend Su¨d-Amerikas _bRoman eines erdteils _cKasimir Edschmid. |
| 260 |
_aFrankfurt, Alemania _bSocietats _c1931 |
||
| 300 |
_a480 p. _bil., mapas _c22 cm. |
||
| 500 | _aP65 | ||
| 650 | 1 | 4 |
_aViajeros alemanes _97026 |
| 651 | 4 |
_aAmerica del Sur _xDescripción y viajes _98178 |
|
| 902 | _aGFM | ||
| 942 |
_2lcc _cB |
||
| 999 |
_c6859 _d6859 |
||